| 000 | 00473nam a2200193Ia 4500 | ||
|---|---|---|---|
| 003 | IT-RoPAU | ||
| 005 | 20220918175608.0 | ||
| 008 | 120407s9999 xx 000 0 und d | ||
| 040 | _aIT-RoPAU | ||
| 040 | _cIT-RoPAU | ||
| 041 | _aita | ||
| 100 |
_aGeorge Ohring _914889 |
||
| 245 |
_aLe atmosfere dei pianeti _bCome si studiano, cosa ne sappiamo |
||
| 260 |
_aBologna _bZanichelli _c1968 |
||
| 300 |
_c18,5 cm _a119 |
||
| 490 | _v1 | ||
| 942 |
_cBK _2ddc |
||
| 999 |
_c20711 _d20711 |
||